<?xml version="1.0" encoding="UTF-8"?>
<record
    xmlns:xsi="http://www.w3.org/2001/XMLSchema-instance"
    xsi:schemaLocation="http://www.loc.gov/MARC21/slim http://www.loc.gov/standards/marcxml/schema/MARC21slim.xsd"
    xmlns="http://www.loc.gov/MARC21/slim">

  <leader>00961nam a22001697a 4500</leader>
  <controlfield tag="008">090826t        xxu||||| |||| 00| 0 eng d</controlfield>
  <datafield tag="082" ind1=" " ind2=" ">
    <subfield code="b">&#x628; &#x64A; &#x646; </subfield>
    <subfield code="a">245</subfield>
  </datafield>
  <datafield tag="100" ind1="1" ind2=" ">
    <subfield code="9">8668</subfield>
    <subfield code="a">&#x628;&#x64A;&#x646;&#x64A;&#x633;&#x60C; &#x633;.</subfield>
  </datafield>
  <datafield tag="245" ind1=" " ind2=" ">
    <subfield code="a">&#x645;&#x630;&#x647;&#x628; &#x627;&#x644;&#x630;&#x631;&#x629; &#x639;&#x646;&#x62F; &#x627;&#x644;&#x645;&#x633;&#x644;&#x645;&#x64A;&#x646; :</subfield>
    <subfield code="b">&#x648;&#x639;&#x644;&#x627;&#x642;&#x62A;&#x629; &#x628;&#x645;&#x630;&#x627;&#x647;&#x628; &#x627;&#x644;&#x64A;&#x648;&#x646;&#x627;&#x646; &#x648;&#x627;&#x644;&#x647;&#x646;&#x648;&#x62F; &#x648;&#x645;&#x639;&#x647; &#x641;&#x644;&#x633;&#x641;&#x629; &#x645;&#x62D;&#x645;&#x62F; &#x628;&#x646; &#x632;&#x643;&#x631;&#x64A;&#x627; &#x627;&#x644;&#x631;&#x627;&#x632;&#x64A; /</subfield>
    <subfield code="c">&#x633;. &#x628;&#x64A;&#x646;&#x64A;&#x633; &#x61B; &#x646;&#x642;&#x644;&#x629; &#x639;&#x646; &#x627;&#x644;&#x623;&#x644;&#x645;&#x627;&#x646;&#x64A;&#x629; &#x645;&#x62D;&#x645;&#x62F; &#x639;&#x628;&#x62F; &#x627;&#x644;&#x647;&#x627;&#x62F;&#x64A; &#x623;&#x628;&#x648; &#x632;&#x64A;&#x62F;&#x629;</subfield>
  </datafield>
  <datafield tag="260" ind1=" " ind2=" ">
    <subfield code="a">&#x627;&#x644;&#x642;&#x627;&#x647;&#x631;&#x629; :</subfield>
    <subfield code="b">&#x645;&#x643;&#x62A;&#x628;&#x629; &#x627;&#x644;&#x646;&#x647;&#x636;&#x629; &#x627;&#x644;&#x645;&#x635;&#x631;&#x64A;&#x629; &#x60C;</subfield>
    <subfield code="c">1946.</subfield>
  </datafield>
  <datafield tag="300" ind1=" " ind2=" ">
    <subfield code="a">162 &#x635;</subfield>
    <subfield code="c">24 &#x633;&#x645;.</subfield>
  </datafield>
  <datafield tag="504" ind1=" " ind2=" ">
    <subfield code="a">&#x64A;&#x62D;&#x62A;&#x648;&#x64A; &#x639;&#x644;&#x64A; &#x641;&#x647;&#x627;&#x631;&#x633; &#x648;&#x627;&#x631;&#x62C;&#x627;&#x639;&#x627;&#x62A; &#x628;&#x628;&#x644;&#x64A;&#x648;&#x62C;&#x631;&#x627;&#x641;&#x64A;&#x629; </subfield>
  </datafield>
  <datafield tag="650" ind1=" " ind2="0">
    <subfield code="9">8719</subfield>
    <subfield code="a">&#x639;&#x644;&#x645; &#x627;&#x644;&#x643;&#x644;&#x627;&#x645;</subfield>
    <subfield code="x">&#x645;&#x630;&#x627;&#x647;&#x628;</subfield>
  </datafield>
  <datafield tag="700" ind1="1" ind2=" ">
    <subfield code="9">8665</subfield>
    <subfield code="a">&#x623;&#x628;&#x648; &#x632;&#x64A;&#x62F;&#x647;&#x60C; &#x645;&#x62D;&#x645;&#x62F; &#x639;&#x628;&#x62F; &#x627;&#x644;&#x647;&#x627;&#x62F;&#x64A;</subfield>
  </datafield>
  <datafield tag="942" ind1=" " ind2=" ">
    <subfield code="2">ddc</subfield>
    <subfield code="c">BB</subfield>
  </datafield>
  <datafield tag="999" ind1=" " ind2=" ">
    <subfield code="c">12710</subfield>
    <subfield code="d">12710</subfield>
  </datafield>
  <datafield tag="952" ind1=" " ind2=" ">
    <subfield code="0">0</subfield>
    <subfield code="1">0</subfield>
    <subfield code="2">ddc</subfield>
    <subfield code="4">0</subfield>
    <subfield code="7">0</subfield>
    <subfield code="8">Alef-Baa</subfield>
    <subfield code="a">MAIN</subfield>
    <subfield code="b">MAIN</subfield>
    <subfield code="c">LOW</subfield>
    <subfield code="d">2009-09-03</subfield>
    <subfield code="e">purchase</subfield>
    <subfield code="l">0</subfield>
    <subfield code="o">245 &#x628; &#x64A; &#x646;</subfield>
    <subfield code="p">000017809</subfield>
    <subfield code="r">2025-07-15 00:00:00</subfield>
    <subfield code="y">BB</subfield>
  </datafield>
</record>
